000 00445nam a22001337a 4500
020 _a9780415695411
082 _a302.23081
100 _aTonny Krijnen and Sofie Van Bauwel
245 _aGender and media
260 _aLondon
_bRoutledge
_c2015
300 _a208p
942 _cBK
999 _c3440
_d3440